| 000 | 00809nam a2200205Ia 4500 | ||
|---|---|---|---|
| 003 | OSt | ||
| 005 | 20241217144418.0 | ||
| 008 | 210210b2004 xxu||||| |||| 00| 0 eng d | ||
| 040 | _cAL | ||
| 041 | _aKonkani/Kannada | ||
| 082 | _a891.468 KARD | ||
| 100 |
_aKARNATAKA KONKANI SAHITYA AKADAMI. _d ಕರ್ನಾಟಕ ಕೊಂಕಣಿ ಸಾಹಿತ್ಯ ಅಕಾಡೆಮಿ _9191418 |
||
| 245 |
_aDashaman utsavache pustak: 9 konkni nemali _bದಶಮಾನ್ ಉತ್ಸವಾಚೆ ಪುಸ್ತಕ್ : 9 ಕೊಂಕ್ಣಿ ನೆಮಾಳಿ೦ |
||
| 260 |
_aManglur. _bKarnataka Konkani Sahitya Akademy. _c2004 |
||
| 300 | _a36 | ||
| 690 |
_aKonkani Miscellaneous _9191419 |
||
| 700 |
_aGladys Rego _dಗ್ಲಾಡಿಸ್ ರೇಗೊ _9191429 |
||
| 906 | _a058944 | ||
| 942 |
_2ddc _cBK |
||
| 999 |
_c106364 _d106364 |
||